[Event "World Chess Trophy 2018"]
[Site "Tenerife"]
[Date "2018.06.17"]
[Round "1"]
[White "Vannelli, Vittorio"]
[Black "Pirrello, Christian"]
[Result "0-1"]
[WhiteElo "1638"]
[BlackElo "1935"]
[Annotator "NA RC"]
[PlyCount "116"]
[EventDate "2018.06.17"]
[EventType "swiss"]
[EventCountry "ESP"]
[SourceTitle "playchess.com"]
[Source "ChessBase"]
[SourceQuality "1"]
[TimeControl "5400+30"]

1. e4 {[%emt 0:00:00]} g6 {[%emt 0:00:24]} 2. d4 {[%emt 0:00:00]} Bg7 {[%emt 0:00:05]} 3. Nc3 {[%emt 0:00:06]} c5 {[%emt 0:00:51]} 4. Nf3 {[%emt 0:01:39]} cxd4 {[%emt 0:01:49]} 5. Nxd4 {[%emt 0:00:16]} Nc6 {[%emt 0:00:08]} 6. Be3 {[%emt 0:02:26]} d6 {[%emt 0:06:13]} (6... Nf6 $1 $11) 7. Be2 {[%emt 0:03:14] LiveBook: 55 Games} Nf6 {[%emt 0:00:35]} 8. O-O {[%emt 0:01:14]} O-O {[%emt 0:03:27]} 9. Nb3 {[%emt 0:01:19]} Ne5 {[%emt 0:04:44]} 10. h3 {[%emt 0:05:08]} Be6 {[%emt 0:01:30]} 11. f4 {[%emt 0:04:39] B72: Sicilian Dragon: 6 Be3, lines with h3+Bc4 and sidelines} (11. Nd4 Qc8 12. Nxe6 fxe6 13. f4 Nc4 14. Bxc4 Qxc4 15. Qd3 Rfc8 16. Bd4 b5 17. a3 a6 18. Rad1 Qxd3 19. cxd3 {½-½ (29) Naroditsky,D (2403)-Paragua,M (2476) Irvine 2010}) 11... Nc4 {[%emt 0:00:23]} 12. Bxc4 {[%emt 0:01:35]} Bxc4 {[%emt 0:04:59]} 13. Rf2 {[%emt 0:00:35]} a6 $146 {[%emt 0:00:52]} ({Predecessor:} 13... b5 14. Nd2 b4 15. Ne2 Bxe2 16. Qxe2 d5 17. Bc5 dxe4 18. Rd1 Qc7 {0-1 (45) Groselj,P (2015)-Slepankova,R (2005) Litomysl 1994}) 14. Qf3 {[%emt 0:05:22]} Qc7 {[%emt 0:03:12]} 15. Rd2 {[%emt 0:03:13]} b5 {[%emt 0:01:21]} 16. Re1 {[%emt 0:09:42]} Nd7 {[%emt 0:02:45]} 17. Bd4 {[%emt 0:07:58]} Nb6 {[%emt 0:08:17]} 18. Bxg7 {[%emt 0:06:35]} Kxg7 {[%emt 0:00:34]} 19. f5 {[%emt 0:05:46]} b4 {[%emt 0:01:01]} 20. Nd5 {[%emt 0:06:20]} Bxd5 {[%emt 0:00:48]} 21. exd5 {[%emt 0:00:53]} Nc4 {[%emt 0:00:33]} 22. f6+ {[%emt 0:09:39]} exf6 {[%emt 0:00:33]} 23. Rf2 {[%emt 0:01:04]} f5 {[%emt 0:00:48]} 24. g4 {[%emt 0:07:11]} Ne5 {[%emt 0:00:52]} 25. Qe3 {[%emt 0:06:18]} (25. Qf4 $17 {was worth a try.}) 25... fxg4 {[%emt 0:01:01]} 26. Qf4 {[%emt 0:04:28]} f5 {[%emt 0:00:31]} 27. Nd4 {[%emt 0:00:19]} Rae8 {[%emt 0:01:25]} 28. Ne6+ {[%emt 0:02:52]} Rxe6 {[%emt 0:00:08]} 29. dxe6 {[%emt 0:00:02]} Nf3+ $2 {[%emt 0:01:03]} (29... Qc5 $17 30. Kg2 h5) 30. Rxf3 $1 {[%emt 0:00:18]} gxf3 {[%emt 0:00:07]} 31. Qd4+ {[%emt 0:00:34]} Kg8 {[%emt 0:00:25]} 32. e7 {[%emt 0:00:34]} Re8 {[%emt 0:02:01]} 33. Qd5+ {[%emt 0:01:25]} Kg7 $11 {[%emt 0:00:31]} 34. Qd4+ {[%emt 0:01:08]} Kf7 {[%emt 0:00:13]} 35. Qd5+ {[%emt 0:00:29]} Kf6 {[%emt 0:00:42]} 36. Qe6+ $2 {[%emt 0:00:32]} Kg7 {[%emt 0:00:11]} 37. Kf2 {[%emt 0:01:07]} Qxc2+ {[%emt 0:00:48]} 38. Kxf3 {[%emt 0:00:17]} Qd3+ {[%emt 0:00:10]} 39. Kg2 {[%emt 0:00:29]} f4 {[%emt 0:02:14]} 40. Qg4 {[%emt 0:01:22]} Qg3+ $2 {[%emt 0:00:18]} (40... Qd5+ $19 41. Kf2 Qd4+ 42. Kf3 Qd5+ 43. Kf2 Qd4+ 44. Kf3 Qxb2 45. Qxf4 Qf6 46. Qxf6+ Kxf6) 41. Qxg3 {[%emt 0:00:21]} fxg3 {[%emt 0:00:06]} 42. Re6 {[%emt 0:00:29]} d5 {[%emt 0:01:07]} 43. Kxg3 {[%emt 0:00:22]} Kf7 {[%emt 0:00:20]} 44. Rxa6 {[%emt 0:00:19]} Kxe7 {[%emt 0:01:03]} 45. Rb6 {[%emt 0:00:26]} Ra8 {[%emt 0:00:28]} 46. Rxb4 {[%emt 0:00:16]} Rxa2 {[%emt 0:00:07]} 47. Kf4 {[%emt 0:00:15]} Kd6 {[%emt 0:00:20]} 48. Ke3 {[%emt 0:01:21]} Ra1 {[%emt 0:02:44]} 49. Rh4 {[%emt 0:00:38]} (49. Rb7 $17) 49... h5 {[%emt 0:00:35]} 50. Rb4 {[%emt 0:00:36]} g5 {[%emt 0:04:02]} 51. h4 {[%emt 0:00:36]} Kc5 {[%emt 0:03:21]} 52. Rb8 {[%emt 0:00:49]} g4 $2 {[%emt 0:00:22]} ({Don't take} 52... gxh4 53. Rc8+ Kd6 54. Rd8+ Ke5 55. Re8+ Kf5 56. Rf8+ Ke6 57. Re8+ Kf7 58. Rh8 $19) (52... d4+ $19 {and Black stays clearly on top.} 53. Kd3 gxh4 54. b4+ Kd6 55. Rb6+ Ke7) 53. Rh8 {[%emt 0:00:53]} Re1+ {[%emt 0:00:05]} 54. Kd2 {[%emt 0:00:55]} Re5 {[%emt 0:00:11]} 55. Rg8 $2 {[%emt 0:00:25]} (55. Kd3 $17 {nothing else works.}) 55... Kd4 {[%emt 0:00:51]} 56. b4 {[%emt 0:00:27]} Kc4 $11 {[%emt 0:01:19]} ({Better is} 56... Ke4 $19 57. b5 Re6) 57. Rg5 {[%emt 0:00:10]} Re4 {[%emt 0:05:06]} 58. b5 {[%emt 0:00:44]} g3 {[%emt 0:02:34]} 0-1

[Event "World Chess Trophy 2018"]
[Site "Tenerife"]
[Date "2018.06.17"]
[Round "2"]
[White "Kohlweyer, Bernd"]
[Black "Efremov, Vladislav"]
[Result "1-0"]
[WhiteElo "2345"]
[BlackElo "1968"]
[Annotator "NA"]
[PlyCount "65"]
[EventDate "2018.06.17"]
[EventType "swiss"]
[EventCountry "ESP"]
[SourceTitle "playchess.com"]
[Source "ChessBase"]
[SourceQuality "1"]
[TimeControl "5400+30"]

1. d4 {[%emt 0:00:00]} Nf6 {[%emt 0:00:06]} 2. c4 {[%emt 0:00:00]} e6 {[%emt 0:00:05]} 3. Nc3 {[%emt 0:03:28]} d5 {[%emt 0:00:15]} 4. cxd5 {[%emt 0:00:10]} exd5 {[%emt 0:00:10]} 5. Bg5 {[%emt 0:00:07]} Bb4 {[%emt 0:03:09]} 6. e3 {[%emt 0:01:26]} h6 {[%emt 0:03:15]} 7. Bh4 {[%emt 0:00:51]} Qd6 {[%emt 0:07:44] D35: Queen's Gambit Declined: Exchange Variation} (7... g5 8. Bg3 Ne4 9. Qb3 c5 10. Bd3 Nc6 11. Bxe4 dxe4 12. d5 Na5 13. Qa4+ Qd7 14. Qxd7+ Bxd7 15. Nge2 {½-½ (29) Ding,L (2772)-Lodici,L (2407) Antalya 2017}) 8. Bd3 {[%emt 0:01:51]} O-O {[%emt 0:11:28]} 9. Nge2 {[%emt 0:01:00]} Ne4 {[%emt 0:05:34]} 10. O-O {[%emt 0:08:03]} Bf5 $146 {[%emt 0:04:40]} ({Predecessor:} 10... Nxc3 11. bxc3 Ba5 12. Rb1 c6 13. f3 Bc7 14. Bg3 Qe7 15. e4 dxe4 16. fxe4 {½-½ (70) Tomczak,M (2372)-Dvirnyy,D (2532) Katowice 2017}) 11. f3 {[%emt 0:08:29]} Nxc3 {[%emt 0:00:15]} 12. bxc3 {[%emt 0:00:04]} Bxd3 {[%emt 0:00:05]} 13. Qxd3 {[%emt 0:00:08]} Ba5 {[%emt 0:01:38]} 14. e4 {[%emt 0:00:14]} dxe4 {[%emt 0:06:02]} 15. fxe4 {[%emt 0:00:23]} Nc6 {[%emt 0:03:57]} 16. Rf3 {[%emt 0:07:11]} Bb6 {[%emt 0:06:06]} 17. Kh1 {[%emt 0:00:37]} Ne7 {[%emt 0:02:40]} 18. e5 {[%emt 0:04:58]} Qd7 {[%emt 0:09:18]} 19. Bxe7 {[%emt 0:03:12]} Qxe7 {[%emt 0:02:43]} 20. Ng3 {[%emt 0:00:04]} g6 {[%emt 0:09:03]} 21. Ne4 {[%emt 0:01:24]} c6 {[%emt 0:00:58]} 22. Raf1 {[%emt 0:01:07]} Bd8 {[%emt 0:02:52]} 23. Qe3 {[%emt 0:05:57]} Kg7 {[%emt 0:00:15]} 24. Rh3 {[%emt 0:00:57]} Rh8 {[%emt 0:00:35]} 25. Nd6 {[%emt 0:00:51]} Qg5 {[%emt 0:04:12]} 26. Rxf7+ {[%emt 0:00:08]} Kg8 {[%emt 0:00:04]} 27. Rg3 {[%emt 0:00:45]} Rh7 {[%emt 0:01:30]} 28. Rxg5 {[%emt 0:00:14]} Bxg5 {[%emt 0:00:13]} 29. Qf3 {[%emt 0:00:10]} Rxf7 {[%emt 0:02:15]} 30. Qxf7+ {[%emt 0:00:06]} Kh8 {[%emt 0:00:04]} 31. Qxg6 {[%emt 0:01:26]} Rf8 {[%emt 0:00:15]} 32. Nf7+ {[%emt 0:00:04]} Rxf7 {[%emt 0:00:03]} 33. Qxf7 {[%emt 0:00:05]} 1-0

[Event "World Chess Trophy 2018"]
[Site "Tenerife"]
[Date "2018.06.17"]
[Round "2"]
[White "Kosov, Alexey"]
[Black "Potterat, Marc"]
[Result "1-0"]
[WhiteElo "2208"]
[BlackElo "2130"]
[Annotator "TA"]
[PlyCount "64"]
[EventDate "2018.06.17"]
[EventType "swiss"]
[EventCountry "ESP"]
[SourceTitle "playchess.com"]
[Source "ChessBase"]
[SourceQuality "1"]

{[%evp 20,64,4,-36,6,17,14,20,10,27,23,26,29,29,31,24,32,30,31,5,22,25,25,-102,0,-92,-98,-75,-89,-106,-48,-34,-29,-59,-51,-45,0,0,324,293,591,587,524,380,5339,5339,29990]} 1. e4 c5 2. c4 Nc6 3. Nc3 g6 4. g3 Bg7 5. Bg2 d6 6. d3 Nf6 7. Nge2 O-O 8. O-O Rb8 9. h3 a6 10. a4 Ne8 11. f4 {[%cal Bf2f4,Bf4f5][%mdl 32] LiveBook: 11 Games. A36: Symmetrical English vs ...g6: 4 Bg2 Bg7} (11. Be3 e5 12. f4 Nd4 13. Nd5 b5 14. axb5 axb5 15. cxb5 Nc7 16. Nec3 Nxd5 17. Nxd5 exf4 18. Bxf4 Nxb5 19. h4 {0-1 (57) Gabuzyan,H (2570)-Jones,G (2654) Minsk 2017}) 11... Nd4 12. Nxd4 Bxd4+ 13. Kh2 {The position is equal.} Nc7 14. f5 Bg7 $146 ({Predecessor:} 14... Kg7 15. Ne2 Be5 16. d4 cxd4 17. Nxd4 e6 18. Be3 h6 {½-½ (60) Panjkovic,A (2173)-Albertini,L (1986) Porto San Giorgio 2011}) 15. a5 b5 16. axb6 Rxb6 17. Qf3 Kh8 18. Ra2 Rg8 19. Na4 Rb8 20. Bd2 gxf5 21. Qh5 (21. exf5 $11 Bb7 22. Qe3) 21... Qf8 (21... Be5 $17 {And now ...Ne6 would win.} 22. Bf4 Bxf4 23. Rxf4 Ne6) 22. Kh1 (22. exf5 $11 {remains equal.} Be5 23. Bf4) 22... Be5 $17 23. g4 e6 24. Bc3 {[%cal Re4f5] [#]} Qg7 ({Black should play} 24... f6 $1 $17 25. Bxe5 dxe5) 25. Bxe5 $15 Qxe5 26. exf5 exf5 27. Qxf7 fxg4 28. Qxc7 gxh3 $2 {[%mdl 8192]} (28... Bf5 $11 {and Black has nothing to worry.} 29. Raa1 Bxd3) 29. Be4 $18 {[%csl Ge4][%cal Rc7h7] [#]} Rb7 $2 (29... Qg7 {was worth a try.} 30. Qf7 (30. Qxb8 Qg2+ 31. Bxg2 hxg2+ 32. Kg1 gxf1=R+ 33. Kxf1 Bh3+ 34. Ke2 Rxb8 $15) 30... Bb7 31. Qxg7+ Rxg7 32. Bxb7 Rgxb7) 30. Bxb7 Qe2 31. Raa1 Qxd3 $2 (31... Bxb7+ 32. Qxb7 Qg2+ 33. Qxg2 hxg2+ 34. Kg1 gxf1=N+ 35. Kxf1 h5) 32. Rg1 {White wants to mate with Rxg8+.} Qf5 {Precision: White = 58%, Black = 33%.} 1-0

[Event "World Chess Trophy 2018"]
[Site "Tenerife"]
[Date "2018.06.17"]
[Round "2"]
[White "Kovacs, Zoltan"]
[Black "De Rosa, Mariagrazia"]
[Result "1-0"]
[WhiteElo "2146"]
[BlackElo "2120"]
[Annotator "TA"]
[PlyCount "99"]
[EventDate "2018.06.17"]
[EventType "swiss"]
[EventCountry "ESP"]
[SourceTitle "playchess.com"]
[Source "ChessBase"]
[SourceQuality "1"]

{[%evp 20,99,19,18,38,12,49,56,91,76,127,113,128,99,96,58,61,25,38,0,0,0,0,-10,-14,-7,-3,-70,131,144,174,153,206,220,198,0,0,0,75,72,75,73,338,346,629,592,575,607,602,587,552,545,3255,3921,29974,29975,29980,29969,29967,29961,29950,12820,29989,29975,29979,29980,29980,29981,29981,29982,29982,29983,29982,29983,29986,29987,29990,29988,29987,29987,29989,225]} 1. Nf3 Nf6 2. g3 g6 3. Bg2 Bg7 4. O-O O-O 5. d4 d5 6. c4 c6 7. cxd5 cxd5 8. Nc3 Nc6 9. Ne5 Bf5 10. Nxc6 bxc6 11. Bf4 {LiveBook: 50 Games} Ne8 {D79: Fianchetto Grünfeld: Symmetrical Variation (6 0-0 c6 7 cxd5 cxd5)} (11... Nd7 12. Qd2 Qb6 13. Rfd1 Rfe8 14. Rac1 e5 15. dxe5 Nxe5 16. b3 Ng4 17. Rf1 Qa6 18. h3 Nf6 19. e3 Be4 {½-½ (52) Petrosian,T (2595)-Nyzhnyk,I (2612) Las Vegas 2017}) 12. Na4 $146 ({Predecessor:} 12. Qd2 Nd6 13. b3 Qb6 14. Bxd6 exd6 15. e3 Rab8 16. Na4 Qb4 17. Qxb4 Rxb4 18. Rac1 Rc8 19. Rfd1 {½-½ (53) Pingas,B (2281)-Caro,E (2198) Posadas 2005}) 12... f6 13. Rc1 e5 {White is slightly better.} 14. Be3 Rc8 (14... Bd7 $142) 15. dxe5 $16 fxe5 16. Bxa7 Nf6 17. Bc5 {[%cal Ba7c5,Bc5a3,Ba3c1][%mdl 32]} Rf7 18. Ba3 Bh6 19. Ra1 Ne4 {next ...Nxf2! is good for Black.} 20. e3 Qa5 21. b4 Qa7 22. Bc1 $1 Rcf8 23. Qb3 (23. a3 $11) 23... Nf6 $2 (23... Ng5 $15 {keeps the upper hand.}) 24. Nc5 e4 25. Bb2 Qc7 (25... Nd7 $16 {is a better defense.}) 26. Bxf6 $18 Rxf6 27. Nxe4 $2 (27. Bxe4 $1 $18 Bg4 28. f4) 27... Bxe4 $11 28. Bxe4 Qf7 (28... Qe5 $1 $11 29. Bxd5+ cxd5) 29. Bg2 $16 {[#] Strongly threatening b5.} Rxf2 30. b5 {[%cal Bb4b5,Bb5c6][%mdl 32]} Qf5 $2 {[%mdl 8192]} ({But not} 30... Bg7 $2 31. Rad1 $18) (30... Rxf1+ $16 31. Rxf1 Qe7) 31. bxc6 $18 {And now Kh1 would win.} Rxg2+ $2 (31... Kg7 32. Rxf2 Qxf2+ 33. Kh1 Qxe3 34. Qxd5 Rf5) 32. Kxg2 Qe4+ 33. Kh3 {Threatens to win with Rxf8+.} Qe6+ 34. g4 Re8 35. Rad1 Kh8 36. Qxd5 Qxe3+ 37. Rf3 Qe2 38. Rdf1 Bg7 39. Qd7 h5 40. gxh5 gxh5 41. Qf7 {White mates.} Re3 42. Qxh5+ Kg8 43. Qf7+ Kh8 44. Rxe3 Qxe3+ {[%mdl 4096] Endgame KQR-KQB} 45. Qf3 Qe6+ 46. Kg2 Qxa2+ 47. Kh1 Qc4 48. Rg1 Qc2 49. Qg2 {[%csl Gg1][%cal Rg2g7]} Qc3 {[#]} 50. Qxg7+ $1 {Precision: White = 63%, Black = 39%.} 1-0

[Event "World Chess Trophy 2018"]
[Site "Tenerife"]
[Date "2018.06.17"]
[Round "2"]
[White "Franco, Victor"]
[Black "Cacciola, Alfredo"]
[Result "0-1"]
[WhiteElo "2126"]
[BlackElo "2219"]
[Annotator "TA"]
[PlyCount "92"]
[EventDate "2018.06.17"]
[EventType "swiss"]
[EventCountry "ESP"]
[SourceTitle "playchess.com"]
[Source "ChessBase"]
[SourceQuality "1"]

{[%evp 26,92,40,41,64,60,59,43,43,40,41,45,49,39,42,18,50,0,34,28,33,27,17,0,0,0,0,0,0,0,0,0,0,-43,-36,-34,-36,-60,-62,-455,-478,-475,-460,-581,-578,-627,-625,-586,-549,-529,-525,-515,-494,-620,-709,-4890,-4484,-2542,-716,-689,-670,-2250,-2093,-1773,-3623,-1611,-1595,-12850,-5762]} 1. Nf3 Nf6 2. c4 g6 3. Nc3 Bg7 4. d4 O-O 5. e4 d6 6. Be2 e5 7. d5 a5 8. Bg5 h6 9. Be3 Ng4 10. Bc1 Na6 11. h3 Nf6 {[%cal Bg4f6,Bf6d7,Bd7c5][%mdl 32]} 12. Be3 Nd7 13. g4 {E92: King's Indian: Classical: 6 Be2 e5: 7 dxe5, 7 Be3 and Petrosian System without 7...Nbd7} Ndc5 14. Rg1 {LiveBook: 4 Games} Kh7 15. h4 $146 {White is slightly better.} ({Predecessor:} 15. g5 f5 16. gxh6 Bf6 17. Ng5+ Bxg5 18. Bxg5 Qd7 19. h4 fxe4 20. h5 Qf7 21. hxg6+ Qxg6 {1-0 (34) Gumula,D (2312)-Mista,A (2563) Warsaw 2010}) 15... f5 16. exf5 ({Don't play} 16. gxf5 gxf5 17. Bd3 f4 $15) 16... gxf5 17. g5 f4 18. Bxc5 Nxc5 19. gxh6 Bxh6 20. Ng5+ Kh8 $1 21. Bg4 Qe8 ({Of course not} 21... Bxg5 $6 22. Bxc8 f3 23. Rxg5 $16) (21... f3 $5) 22. Bxc8 Rxc8 23. Qf3 Rg8 24. O-O-O Bxg5 $1 25. Rxg5 Rxg5 26. hxg5 {And now Qh3+ would win.} Kg7 $1 27. Qh3 {Strongly threatening Qh6+.} Qh8 $1 {[%cal Rh8h3]} 28. Qg4 Rf8 29. g6 (29. Nb5 $5 {[%cal Rb5c7]} Qh7 30. Nxc7 Nd3+ 31. Rxd3 Qxd3 32. Qd7+ Rf7 33. Ne8+ Kg8 34. Nf6+ Kg7 35. Ne8+ (35. Nh5+ Kg6 $11) 35... Kf8 36. Qxd6+ Kxe8 37. Qb8+ Kd7 38. Qxb7+ Ke8 39. Qb8+ Ke7 40. Qxe5+ Kf8 41. Qh8+ Ke7 42. Qe5+ Kf8 43. Qh8+ Ke7 44. Qe5+ $11) 29... Qh6 30. Rg1 f3+ 31. Kb1 Qf4 $1 32. Nb5 $2 {[%mdl 8192]} ({White should try} 32. Qxf4 $15 Rxf4 33. Nb5) 32... Qxg4 $19 {Black is clearly winning.} 33. Rxg4 {[%mdl 4096] Endgame [#] KRN-KRN} e4 $1 {[%cal Be5e4,Be4e3][%mdl 32]} 34. Nd4 {[#]} e3 $1 {[%mdl 512]} 35. Rg1 (35. fxe3 f2) 35... exf2 36. Rf1 Rf4 37. Ne6+ Nxe6 38. dxe6 Kxg6 39. Rxf2 {KR-KR} Kf6 40. b3 Kxe6 41. Kc2 Ke5 (41... Kf5 $142 42. Kd1 Kg4) 42. Kd3 c6 {[%cal Bc7c6,Bc6d5,Bd5d4][%mdl 32]} 43. Ke3 d5 44. cxd5 cxd5 45. Kd3 d4 46. Kd2 Ke4 {Precision: White = 35%, Black = 79%.} 0-1

[Event "World Chess Trophy 2018"]
[Site "Tenerife"]
[Date "2018.06.17"]
[Round "2"]
[White "Steiner, Juraj"]
[Black "Kraus, Oliver"]
[Result "1/2-1/2"]
[WhiteElo "2001"]
[BlackElo "2044"]
[Annotator "NA RC"]
[PlyCount "126"]
[EventDate "2018.06.17"]
[EventType "swiss"]
[EventCountry "ESP"]
[SourceTitle "playchess.com"]
[Source "ChessBase"]
[SourceQuality "1"]
[TimeControl "5400+30"]

{[%evp 44,126,-68,-93,-51,-43,-35,-57,-42,-34,-63,-84,-82,-87,-30,-29,-31,32767,97,32767,32767,32767,111,32767,32767,129,133,32767,32767,32767,32767,32767,32767,60,46,32767,85,32767,32767,92,73,97,45,92,97,80,97,68,80,45,80,80,80,80,80,80,80,80,295,295,295,295,12829,12834,12835,114,114,114,114,114,114,114,114,72,114,72,114,72,72,114,72,114,72,114,72]} 1. d4 {[%emt 0:00:00]} d5 {[%emt 0:02:56]} 2. c4 {[%emt 0:00:02]} c6 {[%emt 0:00:21]} 3. cxd5 {[%emt 0:00:17]} cxd5 {[%emt 0:00:14]} 4. Nc3 {[%emt 0:00:17]} Nf6 {[%emt 0:00:22]} 5. Bf4 {[%emt 0:00:52]} Nc6 {[%emt 0:00:39]} 6. e3 {[%emt 0:00:37]} Bf5 {[%emt 0:00:38]} 7. Nf3 {[%emt 0:07:52]} e6 {[%emt 0:00:30]} 8. Be2 {[%emt 0:01:08]} Bd6 {[%emt 0:10:02]} 9. Bg3 {[%emt 0:00:58] D14: Slav Defence: Exchange variation with ...Bf5} (9. Bxd6 Qxd6 10. O-O O-O 11. Rc1 Rfc8 12. a3 Nd7 13. Na4 h6 14. b4 a5 15. b5 Ne7 16. Qb3 Rxc1 17. Rxc1 Rc8 18. Rxc8+ Nxc8 {0-1 (99) Gomez,J (2463)-Pourramezanali,A (2534) Ashkhabad 2017}) 9... O-O {[%emt 0:03:32]} 10. Nh4 {[%emt 0:00:55]} Bxg3 $146 {[%emt 0:04:58]} ({Predecessor:} 10... Bg6 11. Nxg6 hxg6 12. O-O Ne8 13. Rc1 Rc8 14. Na4 Bxg3 15. hxg3 Nd6 16. Nc5 b6 {½-½ (73) Ungurs,K (2024)-Paszewski,M (2291) St Petersburg 2016}) 11. hxg3 {[%emt 0:00:19]} Bg6 {[%emt 0:01:42]} 12. Nxg6 {[%emt 0:07:28]} hxg6 {[%emt 0:01:28]} 13. f4 {[%emt 0:06:24]} Rc8 {[%emt 0:07:33]} 14. Rc1 {[%emt 0:13:15]} Qb6 {[%emt 0:09:16]} 15. Qb3 {[%emt 0:36:04]} Qxb3 {[%emt 0:07:59]} 16. axb3 {[%emt 0:02:42]} Na5 {[%emt 0:03:09]} 17. Ra1 {[%emt 0:00:36]} Nc6 {[%emt 0:03:29]} 18. O-O {[%emt 0:01:19]} a6 {[%emt 0:00:16]} 19. g4 {[%emt 0:00:43]} Nb4 {[%emt 0:00:43]} 20. g5 {[%emt 0:00:12]} Ne4 {[%emt 0:01:47]} 21. Nxe4 {[%emt 0:02:02]} dxe4 {[%emt 0:00:58]} 22. Rac1 {[%emt 0:03:53]} b5 {[%emt 0:13:21]} 23. Kf2 {[%emt 0:03:06]} Rfd8 {[%emt 0:01:22]} 24. Rfd1 {[%emt 0:01:47]} Kf8 {[%emt 0:00:49]} 25. Ke1 {[%emt 0:01:05]} Ke7 {[%emt 0:01:41]} 26. Kd2 {[%emt 0:00:20]} Kd7 {[%emt 0:01:03]} 27. Bf1 {[%emt 0:02:11]} (27. Rc3 $11 {bleibt in der Remisbreite.}) 27... Rxc1 {[%emt 0:01:17]} 28. Rxc1 {[%emt 0:00:12]} Rc8 {[%emt 0:00:10]} 29. Rxc8 {[%emt 0:00:13]} Kxc8 {[%emt 0:00:20]} 30. g4 {[%emt 0:00:13]} Kc7 {[%emt 0:18:32]} (30... f6 $11 {remains equal.}) 31. Bg2 {[%emt 0:00:11]} f5 {[%emt 0:03:31]} 32. gxf6 {[%emt 0:00:17]} gxf6 {[%emt 0:00:04]} 33. Bxe4 {[%emt 0:03:01]} f5 {[%emt 0:01:17]} 34. Bf3 {[%emt 0:00:42]} Kd6 {[%emt 0:00:44]} 35. gxf5 {[%emt 0:02:25]} gxf5 {[%emt 0:00:07]} 36. Kc3 {[%emt 0:00:36]} Na2+ {[%emt 0:00:32]} 37. Kd2 {[%emt 0:00:46]} Nb4 {[%emt 0:00:34]} 38. e4 {[%emt 0:00:34]} fxe4 {[%emt 0:00:52]} 39. Bxe4 {[%emt 0:00:10]} a5 {[%emt 0:00:21]} 40. Ke3 {[%emt 0:00:53]} Na6 {[%emt 0:00:29]} 41. Bd3 {[%emt 0:00:43]} Nc7 {[%emt 0:00:11]} 42. Ke4 {[%emt 0:00:28]} b4 $1 {[%emt 0:00:42]} 43. Bc4 {[%emt 0:00:11]} Ne8 {[%emt 0:00:18]} 44. f5 {[%emt 0:00:29]} Nf6+ {[%emt 0:00:49]} 45. Kf4 {[%emt 0:00:10]} exf5 {[%emt 0:00:24]} 46. Kxf5 {[%emt 0:00:12]} Nd5 {[%emt 0:00:48]} 47. Ke4 {[%emt 0:00:49]} Nb6 {[%emt 0:00:26]} 48. Kd3 {[%emt 0:00:28]} Nd7 {[%emt 0:00:34]} 49. Bg8 {[%emt 0:00:31]} Nb6 {[%emt 0:00:07]} 50. Bh7 {[%emt 0:00:23]} a4 $2 {[%emt 0:00:50]} (50... Kd5 $16) 51. bxa4 {[%emt 0:02:13]} Nxa4 {[%emt 0:00:04]} 52. b3 {[%emt 0:00:33]} Nb6 $2 {[%emt 0:00:42] [#]} (52... Nc3 53. Kc4 Ne2) 53. Bg8 $1 {[%emt 0:00:21]} Kc6 {[%emt 0:00:28]} 54. Ke3 $2 {[%emt 0:00:17]} (54. Ke4 $18 {is the precise move to win.} Kc7 55. d5) 54... Kd6 {[%emt 0:00:17]} 55. Ke4 {[%emt 0:00:13]} Nd7 {[%emt 0:00:16]} 56. Kd3 {[%emt 0:01:08]} Nb6 {[%emt 0:00:06]} 57. Bf7 {[%emt 0:00:38]} Ke7 {[%emt 0:00:53]} 58. Bh5 {[%emt 0:00:13]} Kd6 {[%emt 0:00:08]} 59. Bg4 {[%emt 0:00:20]} Ke7 {[%emt 0:00:23]} 60. Bf3 {[%emt 0:01:24]} Kd6 {[%emt 0:00:13]} 61. Bb7 {[%emt 0:01:02]} Kc7 {[%emt 0:00:22]} 62. Ba6 {[%emt 0:00:19]} Kd6 {[%emt 0:00:04]} 63. Ke4 {[%emt 0:00:34]} Nd5 $16 {[%emt 0:00:31]} 1/2-1/2